Horizontes [dvd] : ciencias naturales ii :

Guardado en:
Formato: Libro
Publicado: Buenos Aires : Canal Encuentro, s/f.
Materias:
Etiquetas: Agregar Etiqueta
Sin Etiquetas, Sea el primero en etiquetar este registro!
LEADER 01542nam a22002175a 4500
001 CEM.cems018066
005 20130910103723.0
008 130507b######################000#0#####d
003 CEMS
082 0 4 |a DVD570 
245 0 0 |a Horizontes [dvd] :  |b ciencias naturales ii : 
260 |a Buenos Aires :  |b Canal Encuentro, s/f. 
300 |a 1 DVD 
500 |a La naturaleza está a nuestro alcance. Hacemos uso de sus recursos, disfrutamos sus paisajes, habitamos sus ambientes. Podemos enriquecer esa experiencia al comprender sus fenómenos, sus leyes y sus enigmas. Una propuesta con la teoría y la práctica justa para aprender y apreciar cada día mejor las fuentes de energía, los ecosistemas, el cuerpo humano, los fósiles, los microorganismos, el sistema solar, la Luna, los cambios climáticos, los instrumentos que utilizan los científicos para acercarse al conocimiento y todos los temas que interesan en Ciencias naturales.emitido por Canal Encuentro 
505 0 |a El origen de la vida -- Energía nuclear -- Reacciones químicas peligrosas para el ambiente -- Linus Pauling, un científico de enlaces Nobel de Química y la Paz -- Vacunas y sustancias que auxilian a nuestras defensas -- Sustancias que afectan al sistema nervioso -- La electricidad y los circuitos eléctricos -- Las fuerzas que mueven las naves espaciales 
653 |a Ciencias naturales 
653 |a Ecosistema 
653 |a Cambio climático 
653 |a Fósil 
653 |a Energía 
859 |a CEMS  |b BIB. CEMS - Agricultura  |h DVD570  |i Ar37-2  |p A0041.013  |t Ej.1  |v II  |3 II